000 00496nam a22001697a 4500
003 SISC
005 20160830165258.0
008 160830b xxu||||| |||| 00| 0 eng d
020 _a9789351119623
050 _aG 155.A1
_b.Ah287 2016
100 _aAhuja, Ravindra.
245 _aSmall businesses in tourism /
_cRavindra Ahuja.
260 _aIndia :
_bRandom Publications,
_c2016.
300 _a294 pages ;
_c24 cm.
500 _aIncludes bibliographical references and index.
942 _2lcc
_cBK
999 _c300765
_d300765